A class divided then and now
Previous ed.: Garden City, NY: Doubleday, 1971; Neal A. Newfield, Ph.D., LICSW (Giver)
Salvato in:
| Autore principale: | |
|---|---|
| Natura: | Libro |
| Lingua: | Undetermined |
| Pubblicazione: |
New Haven
Yale University Press
1987
|
| Soggetti: | |
| Accesso online: | http://lrc.tdmu.edu.vn/opac/search/detail.asp?aID=2&ID=31496 |
| Tags: |
Aggiungi Tag
Nessun Tag, puoi essere il primo ad aggiungerne! !
|
| Thư viện lưu trữ: | Trung tâm Học liệu Trường Đại học Thủ Dầu Một |
|---|
| LEADER | 00782nam a2200217Ia 4500 | ||
|---|---|---|---|
| 001 | TDMU_31496 | ||
| 008 | 210410s9999 xx 000 0 und d | ||
| 082 | |a 302 | ||
| 090 | |b P207 | ||
| 100 | |a Peters, William | ||
| 245 | 2 | |a A class divided | |
| 245 | 0 | |b then and now | |
| 245 | 0 | |c William Peters; photographs by Charlotte Button | |
| 260 | |a New Haven | ||
| 260 | |b Yale University Press | ||
| 260 | |c 1987 | ||
| 300 | |a 172 p., 12 p. of plates | ||
| 520 | |a Previous ed.: Garden City, NY: Doubleday, 1971; Neal A. Newfield, Ph.D., LICSW (Giver) | ||
| 650 | |a Segregation in education; Sự phân biệt trong giáo dục | ||
| 856 | |u http://lrc.tdmu.edu.vn/opac/search/detail.asp?aID=2&ID=31496 | ||
| 980 | |a Trung tâm Học liệu Trường Đại học Thủ Dầu Một | ||